000 00308nam a2200121Ia 4500
005 20251222143225.0
008 251222s9999||||xx |||||||||||||| ||spa||
082 _a305.898.5/A59
100 _aAnders, Martha
245 0 _aHistoria y EtnografĂ­a:
264 _bInstituto de Estudios Peruanos
942 _cLIB
999 _c13978
_d13978